Deutschlands Bundesländer mit Hauptstädten - Statistiken

Allgemein
  • Dieses Quiz wurde 1.876 mal gespielt
  • Das Durchschnittsergebnis liegt bei 14 aus 16
Antwortstatistiken
Hint Antwort % Korrekt
Bayern München
100%
Berlin Berlin
99%
Hamburg Hamburg
99%
Bremen Bremen
98%
Baden-Württemberg Stuttgart
90%
Saarland Saarbrücken
89%
Schleswig-Holstein Kiel
87%
Nordrhein-Westfalen Düsseldorf
86%
Sachsen Dresden
85%
Brandenburg Potsdam
82%
Thüringen Erfurt
80%
Niedersachsen Hannover
79%
Rheinland-Pfalz Mainz
78%
Mecklenburg-Vorpommern Schwerin
76%
Hessen Wiesbaden
74%
Sachsen-Anhalt Magdeburg
70%
Keine übereinstimmenden Quizze gefunden
Verteilung der Resultate
Anzahl Personen mit jedem Resultat
Perzentil nach korrekt beantworteten Fragen
Ihre Resultats-Entwicklung
Sie haben dieses Quiz noch nicht gespielt